[Event "BCF-ch U16"]
[Site "Hull"]
[Date "2024.08.02"]
[Round "6"]
[White "Diniz, Afonso Davi"]
[Black "Kalaiyalahan, Aishwarya"]
[Result "0-1"]
[WhiteElo "1840"]
[BlackElo "1692"]
[PlyCount "70"]
[EventDate "2024.07.28"]
[EventType "swiss"]
[EventRounds "7"]
[EventCountry "ENG"]
[SourceTitle "EXT 2025"]
[Source "ChessBase"]
[SourceDate "2024.10.14"]
[SourceVersion "1"]
[SourceVersionDate "2024.10.14"]
[SourceQuality "1"]

1. e4 c5 2. c3 Nc6 3. d4 cxd4 4. cxd4 d5 5. Nc3 dxe4 6. d5 Ne5 7. Qa4+ Bd7 8. Qxe4 Ng6 9. Bc4 Nf6 10. Qe2 a6 11. Bb3 Nh4 12. Bg5 Nf5 13. Nf3 h6 14. Bf4 g5 15. Be5 Bg7 16. g4 Nh4 17. Nxh4 gxh4 18. Rg1 Rg8 19. h3 Bh8 20. 0-0-0 b5 21. Rge1 Kf8 22. Bf4 Bg7 23. Kb1 Rc8 24. f3 b4 25. Ne4 Bb5 26. Qf2 Rh8 27. Nc5 Ne8 28. Ne4 Kg8 29. Qxh4 Bf8 30. Be5 f6 31. d6+ Kg7 32. dxe7 Qxe7 33. Nxf6 Nxf6 34. Bxf6+ Qxf6 35. Rd7+ Bxd7 0-1

[Event "BCF-ch U16"]
[Site "Hull"]
[Date "2024.07.30"]
[Round "3"]
[White "Mehmood, Muhammed"]
[Black "Diniz, Afonso Davi"]
[Result "1/2-1/2"]
[WhiteElo "1558"]
[BlackElo "1840"]
[PlyCount "140"]
[EventDate "2024.07.28"]
[EventType "swiss"]
[EventRounds "7"]
[EventCountry "ENG"]
[SourceTitle "EXT 2025"]
[Source "ChessBase"]
[SourceDate "2024.10.14"]
[SourceVersion "1"]
[SourceVersionDate "2024.10.14"]
[SourceQuality "1"]

1. d4 Nf6 2. c4 g6 3. Nc3 d5 4. cxd5 Nxd5 5. e4 Nxc3 6. bxc3 Bg7 7. Bc4 0-0 8. Be3 c5 9. Ne2 Nc6 10. 0-0 cxd4 11. cxd4 Bg4 12. f3 Na5 13. Bd3 Be6 14. Qd2 Bc4 15. Rac1 b5 16. Rfd1 a6 17. Bf2 Bxd3 18. Qxd3 Nc4 19. Rc2 Qd7 20. Rdc1 Bh6 21. f4 e5 22. Bg3 exd4 23. Qxd4 Rfd8 24. Qxd7 Rxd7 25. Nc3 Na3 26. Re2 Rc8 27. Ree1 Rdc7 28. Ne2 Nc2 29. Red1 Bf8 30. f5 Rc4 31. fxg6 hxg6 32. e5 Bh6 33. Rb1 Ne3 34. Rd6 Rc2 35. Re1 Rxa2 36. e6 Nf5 37. exf7+ Kxf7 38. Rd7+ Ke6 39. Ra7 Be3+ 40. Bf2 Bxa7 41. Bxa7 Kf7 42. Nf4 Rac2 43. Nd3 Rd8 44. Ne5+ Kg7 45. Bb6 Rdd2 46. Nf3 Rxg2+ 47. Kh1 Rge2 48. Rg1 Rc3 49. Nd4 Rh3 50. Nxe2 Rh4 51. Ra1 Re4 52. Ng3 Nxg3+ 53. hxg3 Ra4 54. Rxa4 bxa4 55. Bd4+ Kf7 56. Kg2 Ke6 57. Kf3 Kd5 58. Ba1 a3 59. Kg4 Ke4 60. Kg5 Kf3 61. g4 Kg3 62. Be5+ Kf3 63. Kh4 a2 64. Ba1 Kf4 65. Bb2 a5 66. Ba1 a4 67. Bh8 Kf3 68. Ba1 Kf4 69. Bh8 Kf3 70. Kg5 Kg3 1/2-1/2